Adolescencia /

Guardado en:
Autor Principal: Saldumbide, Vilma Gloria
Formato: Libro
Publicado: Buenos Aires : Previa / Inpad, 1989
Materias:
Etiquetas: Agregar Etiqueta
Sin Etiquetas, Sea el primero en etiquetar este registro!
LEADER 00627nam a22001815a 4500
001 CEM.cems008707
005 20060214000000.0
008 130507s1989##################000#0#####d
003 CEMS
082 0 4 |a 136.73 
100 1 |a Saldumbide, Vilma Gloria 
245 1 0 |a Adolescencia / 
260 |a Buenos Aires :  |b Previa / Inpad,  |c 1989 
300 |a 289 p. 
505 0 |a Ejemplar fotocopiado que incluye en su encuadernaci¢n la obra: Ense¤anza-aprendizaje y conocimiento, por Flora M. Hillert y Laura Fumagalli.- 
653 |a Adolescencia 
653 |a Adolescencia-aprendizaje 
859 |a CEMS  |b BIB. CEMS - 11 de abril  |h 136.73  |i Sa31  |p 93.99  |t Ej.1